Normal view MARC view

Entry Personal Name

Number of records used in: 2

001 - CONTROL NUMBER

  • control field: 89000

003 - CONTROL NUMBER IDENTIFIER

  • control field: dpl

005 - DATE AND TIME OF LATEST TRANSACTION

  • control field: 20260428123321.0

008 - FIXED-LENGTH DATA ELEMENTS

  • fixed length control field: 260428|| aca||aabn | a|a d

040 ## - CATALOGING SOURCE

  • Original cataloging agency: dpl
  • Transcribing agency: dpl

100 ## - HEADING--PERSONAL NAME

  • Personal name: Kuppuswamy, B

670 ## - SOURCE DATA FOUND

  • Source citation: Work cat.: (dpl)216013: Kuppuswamy, B., The Substance of Yogavasishtha:, 2022

© Delhi Public Library
Hit Counter
free hit counter